00480nam a2200133 a 450000500170000000800410001702000180005805000250007624500380010126000360013965000370017599900190021295201150023120140412111427.0090718s19uu xx 00 eng d a1-84557-595-4 aTR(GS) 421bL47 2006 aLearning Phonics Blending sounds. aIndia :bSterling Press,c2006. aEnglish language-- Pronunciation c106261d106261 001040aELbELcTRd2009-07-18eDonationl0oTR(GS) 421 L47 2006pE11502r2014-04-12 00:00:00w2014-04-12yBK